<?xml version="1.0" encoding="UTF-8"?>
<collection xmlns="http://www.loc.gov/MARC21/slim">
 <record>
  <leader>01147aam a22002778a 4500</leader>
  <controlfield tag="001">00028445</controlfield>
  <controlfield tag="005">20171026081023.0</controlfield>
  <controlfield tag="008">120328s2004                  ||||||viesd</controlfield>
  <datafield tag="020" ind1="#" ind2="#">
   <subfield code="a">1741142830</subfield>
  </datafield>
  <datafield tag="041" ind1="0" ind2="#">
   <subfield code="a">vie</subfield>
  </datafield>
  <datafield tag="082" ind1="1" ind2="4">
   <subfield code="a">361.3</subfield>
   <subfield code="b">PR101S</subfield>
  </datafield>
  <datafield tag="100" ind1="1" ind2="#">
   <subfield code="a">Maidment, Jane</subfield>
  </datafield>
  <datafield tag="245" ind1="1" ind2="0">
   <subfield code="a">Practice skills in Social Work and Welfare</subfield>
   <subfield code="c">Jane Maidment, Ronnie Egan</subfield>
   <subfield code="b">More than just common sense</subfield>
  </datafield>
  <datafield tag="260" ind1="#" ind2="#">
   <subfield code="b">Allen&amp;Unwin</subfield>
   <subfield code="a">Crows Nest, N.S.W.</subfield>
   <subfield code="c">2004</subfield>
  </datafield>
  <datafield tag="300" ind1="#" ind2="#">
   <subfield code="a">x, 318p.</subfield>
   <subfield code="c">29cm.</subfield>
  </datafield>
  <datafield tag="504" ind1="#" ind2="#">
   <subfield code="a">Includes bibliographical references (p. 298-318) and index.</subfield>
  </datafield>
  <datafield tag="650" ind1="#" ind2="4">
   <subfield code="a">Social service</subfield>
   <subfield code="z">Australia.</subfield>
   <subfield code="z">New Zealand</subfield>
  </datafield>
  <datafield tag="653" ind1="#" ind2="#">
   <subfield code="a">Công tác xã hội</subfield>
  </datafield>
  <datafield tag="653" ind1="#" ind2="#">
   <subfield code="a">Dịch vụ xã hội</subfield>
  </datafield>
  <datafield tag="653" ind1="#" ind2="#">
   <subfield code="a">Phúc lợi xã hội</subfield>
  </datafield>
  <datafield tag="700" ind1="1" ind2="#">
   <subfield code="a">Egan, Ronnie</subfield>
  </datafield>
  <datafield tag="852" ind1="#" ind2="#">
   <subfield code="b">Kho mượn</subfield>
   <subfield code="j">KM.0013180, KM.0013181, KM.0013182, KM.0013183, KM.0013184, KM.0013329, KM.0013330, KM.0013331</subfield>
  </datafield>
  <datafield tag="852" ind1="#" ind2="#">
   <subfield code="b">Kho đọc</subfield>
   <subfield code="j">KD.0013287</subfield>
  </datafield>
  <datafield tag="852" ind1="#" ind2="#">
   <subfield code="j">KM.0013180</subfield>
   <subfield code="j">KM.0013182</subfield>
   <subfield code="j">KM.0013183</subfield>
   <subfield code="j">KD.0013287</subfield>
   <subfield code="j">KM.0013329</subfield>
   <subfield code="j">KM.0013330</subfield>
   <subfield code="j">KM.0013181</subfield>
   <subfield code="j">KM.0013184</subfield>
   <subfield code="j">KM.0013331</subfield>
  </datafield>
  <datafield tag="910" ind1=" " ind2=" ">
   <subfield code="d">28/03/2012</subfield>
  </datafield>
  <datafield tag="980" ind1="#" ind2="#">
   <subfield code="a">Trung tâm Học liệu Lê Vũ Hùng, Trường Đại học Đồng Tháp</subfield>
  </datafield>
 </record>
</collection>
